| 000 | 00673nam a2200289Ia 4500 | ||
|---|---|---|---|
| 001 | Z_1017 | ||
| 003 | CHAP | ||
| 008 | 220113s1985 xx 000 0 und d | ||
| 010 | _a164097 | ||
| 040 | _cCHAP | ||
| 082 | _a591.51 H3 | ||
| 100 |
_aHay, David A _953168 |
||
| 245 |
_aEssentials of behaviour genetics / _cby David A. Hay |
||
| 260 |
_aOxford : _bBlackwell, _c1985 |
||
| 300 |
_a359 p. : _bilus |
||
| 440 | _a | ||
| 500 | _a | ||
| 503 | _a126658 | ||
| 650 |
_aAnimales _xHábitos y conducta _95865 |
||
| 650 |
_aGenética animal I. t. _9138175 |
||
| 901 | _a591.51 H3 | ||
| 902 | _aA | ||
| 910 | _a1985 | ||
| 942 | _c1 | ||
| 942 | _cc1 | ||
| 999 |
_c164097 _d164097 |
||